Sports Quiz

Random Sports or NFL Quiz

NFL Career TD Leaders Quiz Stats

 Plays Quiz Updated Jan 6, 2021

Support Sporcle.
Go Orange.
Score 0/25 Timer 06:00
4 Plays Today
TDs Player % Correct
208Jerry Rice
97.2%
175Emmitt Smith
89.9%
157Randy Moss
83.1%
162LaDainian Tomlinson
79.9%
156Terrell Owens
78.1%
109Barry Sanders
73.7%
125Walter Payton
72.8%
105Tim Brown
72.4%
126Jim Brown
71.8%
111Tony Gonzalez
71.1%
100Frank Gore
61.6%
124Adrian Peterson
61.3%
116Antonio Gates
58.8%
TDs Player % Correct
128Marvin Harrison
58.6%
100Franco Harris
56.2%
121Larry Fitzgerald
53.7%
136Marshall Faulk
52.8%
131Cris Carter
51.7%
112Shaun Alexander
49.4%
100Curtis Martin
42.1%
145Marcus Allen
39.5%
101Steve Largent
30.5%
116John Riggins
28.1%
105Don Hutson
13.6%
113Lenny Moore
12.5%

You're not logged in!

Compare scores with friends on all Sporcle quizzes.
OR
Log In

From the Vault

In Front of 10 Downing Street

by needapausebutton

A famous door, for famous people to stand in front of.
Remove Ads.
Support Sporcle.
Get the best of Sporcle when you Go Orange. This ad-free experience offers more features, more stats, and more fun while also helping to support Sporcle. Thank you for becoming a member.

Show Comments

Extras

Top Quizzes Today


Score Distribution

Your Account Isn't Verified!

In order to create a playlist on Sporcle, you need to verify the email address you used during registration. Go to your Sporcle Settings to finish the process.

Report this User

Report this user for behavior that violates our Community Guidelines.

Details: